000 00507nam a22001817a 4500
003 CEME
005 20210628202851.0
008 210126b xxu||||| |||| 00| 0 eng d
020 _a81-7700-020-9
040 _c.
082 _a621.319 SON
100 _aSoni, M.L Gupta, P.V Bhatnagar, U.S Chakrabarti, A
_962049
245 _aA text book on power system engineering
260 _aNEW DELHI
_bDHANPAT RAI
_c2005
300 _aXXVI,1012 P
650 _aPOWER SYSTEM ENGINEERING
_958418
942 _cBK
_2ddc
999 _c571284
_d571284